| 000 | 00979nam a22002897i 4500 | ||
|---|---|---|---|
| 003 | DO-SdBNP | ||
| 005 | 20240228131639.0 | ||
| 007 | ta | ||
| 008 | 211101b2020 dr a|||| |||| 00| 0 spa d | ||
| 020 | _a9798700625890 | ||
| 040 |
_aDO-SdBNP _bspa _cBNPHU _erda |
||
| 082 | 4 |
_aRD863.5 _bH557L _222 |
|
| 100 | 1 |
_aHernández, Rita Indiana, _d1977- _eautora _97082 |
|
| 245 | 1 | 4 |
_aLos trajes / _cRita Indiana Hernández ; viñetas de, Raúl Recio. |
| 264 |
_aSanto Domingo : _bCielonaranja, _c2021. |
||
| 300 |
_a110 páginas : _bilustraciones ; _c22 cm. |
||
| 336 |
_2rdacontent _atexto _btxt |
||
| 337 |
_2rdamedia _asin mediación _bn |
||
| 338 |
_2rdacarrier _avolumen _bnc |
||
| 500 | _aIncluye datos biográficos de la autora. | ||
| 590 | _aInventariado, 2021 /LP | ||
| 650 | 4 | _aCuentos dominicanos | |
| 650 | 4 | _aLiteratura dominicana | |
| 700 | 1 |
_aRecio, Raúl, _d1965- _eilustraciones _958557 |
|
| 910 | _aLopérez/Validado. Controld e calidad. MFF | ||
| 942 |
_2ddc _cLBS1 |
||
| 999 |
_c50838 _d50838 |
||